Tunnista 100 lauluntekijää - Statistics

Yleistilastot
  • Tätä visaa on pelattu 163 kertaa
    162 viimeisimmän päivityksen jälkeen
  • Keskiarvotulos 60 / 100
Vastaustilastot
Hint Vastaus % Oikein
2080-luvulla Sanni
93%
Keinutaan Antti Tuisku
91%
Mökkitie Arttu Wiskari
90%
Timantit on ikuisia Cheek
88%
Kaksi puuta Juha Tapio
87%
Timanttei Mirella
86%
Ihmisten edessä Jenni Vartiainen
85%
Lautturi Pmmp
85%
Frida Behm
84%
Häissä JVG
83%
Beibi Haloo Helsinki
82%
Tinakenkätyttö Kaija Koo
81%
Joulumaa Katri Helena
81%
Tequila Vesala
81%
Ram pam pam Bess
80%
Levoton tuhkimo Dingo
80%
Silkkii Jukka poika
74%
Roy Orbison Stig
74%
Matkustaja Egotrippi
72%
Lumi teki enkelin eteiseen Hector
72%
Teuvo maanteiden kuningas Leevi and the Leavings
72%
Pannaan Suomi kuntoon Petri Nygård
72%
Hitaammin hautaan Nelli Matula
71%
1972 Anssi Kela
70%
Ei Maija Vilkkumaa
70%
Pohjola Olli Halonen
70%
Bäng Bäng typerä sydän Ellinoora
69%
Hengaillaan Kirka
69%
Häitä pidelly Robin Packalen
69%
Murheellisten laulujen maa Eppu Normaali
68%
Vanha nainen hunningolla Erin
68%
Rakastuin mä looseriin Nylon beat
68%
Valot pimeyksien reunoilla Apulanta
67%
Taulut Hugo
67%
Sinä ansaitset kultaa Jari Sillanpää
67%
Olet puolisoni nyt Samuli Putro
67%
Vie mut minne vaan
67%
Mennyt mies J Karjalainen
66%
Kuuma kesä Popeda
66%
Yksinäisen keijun tarina Chisu
65%
Puhu äänellä jonka kuulen Happoradio
65%
Blondina Ibe
65%
Kyläbaari Portion Boys
65%
Jättiläinen Pyhimys
65%
Sata salamaa Virve Rosti
65%
Lähtisitkö Pave Maijanen
64%
Heilutaan Tiktak
63%
Todella kaunis Zen Cafe
63%
Ai että Isac Elliot
62%
Musta aurinko nousee Juice Leskinen
61%
Älä herätä mua unesta Mikael Gabriel
61%
Tahdon rakastella sinua Pelle Miljoona
58%
Teipillä tai rakkaudella Abreu
57%
Epäröimättä hetkeekään Elastinen
57%
Kultaa hiuksissa Olavi Uusivirta
57%
Antaudun Reino Nordin
57%
Taikuri Turisti
57%
Kesäyö Pariisin kevät
56%
Kemiaa Neon 2
55%
Sata kesää, tuhat yötä Paula Koivuniemi
55%
Jos sä tahdot niin Samuli Edelmann
55%
Via dolorosa Tommi Läntinen
55%
Jos puhutaan totta Ani
54%
Kesäkatu Danny
54%
Marraskuu Miljoonasade
54%
Oi beibi 16 Raptori
54%
Hopeinen kuu Olavi Virta
52%
Aamun kuiskaus Stella
52%
Odota Aikakone
51%
Kelle mä soitan Ilta
51%
Rakkauden haudalla Jonna Tervomaa
50%
Paratiisi Rauli Badding Somerjoki
50%
In the shadow The Rasmus
48%
Juppihippipunkkari Neljä Ruusua
46%
Rafaelin enkeli Pekka Ruuska
46%
Täydellinen elämä Suvi Teräsniska
45%
Miks ei Laura Voutilainen
44%
Maailma on sun Tehosekoitin
43%
Mä putoan Yölintu
43%
Gran kanaria Frederik
42%
Toisessa elämässä Lauri Haav
42%
Känkkäränkkä Mikko Alatalo
42%
Sata shottii Etta
40%
Andre Marita Taavitsainen
40%
Rikkinäinen prinsessa Nikke Ankara
40%
Chasing Highs Alma
39%
Mama Sexmane
39%
Bourbon street Hurriganes
37%
Roviolla Gimmel
36%
Peltirumpu Sielun Veljet
34%
Dirlanda Kai Hyttinen
32%
Sekaisin Costee
26%
Täydelliset Aurora
25%
Halla ja etelätuuli Antti Railio
24%
Onko vielä aikaa Katri Ylander
24%
Minä olen Kotiteollisuus
24%
Mysteriet Aki Sirkesalo
22%
Minä sydän sinä Frans Harju
18%
Ehtoja vastaavia visoja ei löytynyt
Tulosjakauma
Jokaisen tuloksen saaneiden osuus
Persentiili vastausten määrän mukaan
Tuloshistoriasi
Et ole pelannut tätä visaa sen viimeisimmän päivityksen jälkeen